[Event "RSA-ch"]
[Site "Cape Town"]
[Date "2024.03.29"]
[Round "6"]
[White "Mnguni, Jacob Dumisani"]
[Black "Levitan, Caleb Levi"]
[Result "1/2-1/2"]
[WhiteElo "2134"]
[BlackElo "2235"]
[PlyCount "23"]
[EventDate "2024.03.25"]
[EventType "tourn"]
[EventRounds "11"]
[EventCountry "RSA"]
[SourceTitle "CB14_2024"]
[SourceDate "2024.04.01"]
[SourceVersion "1"]
[SourceVersionDate "2024.04.01"]
[SourceQuality "1"]

1. c4 c5 2. Nf3 Nc6 3. d4 cxd4 4. Nxd4 Nf6 5. Nc3 e6 6. Nc2 d5 7. e3 Be7 8. Be2 dxc4 9. Qxd8+ Bxd8 10. Bxc4 Ba5 11. Bd2 0-0 12. 0-0 1/2-1/2

[Event "RSA-ch"]
[Site "Cape Town"]
[Date "2024.03.28"]
[Round "4"]
[White "Mnguni, Jacob Dumisani"]
[Black "Cawdery, Daniel"]
[Result "1/2-1/2"]
[WhiteElo "2134"]
[BlackElo "2380"]
[PlyCount "39"]
[EventDate "2024.03.25"]
[EventType "tourn"]
[EventRounds "11"]
[EventCountry "RSA"]
[SourceTitle "CB14_2024"]
[SourceDate "2024.04.01"]
[SourceVersion "1"]
[SourceVersionDate "2024.04.01"]
[SourceQuality "1"]

1. c4 e5 2. g3 Nf6 3. Bg2 Nc6 4. Nc3 Bc5 5. e3 d5 6. cxd5 Nb4 7. d4 exd4 8. exd4 Be7 9. Nge2 Nbxd5 10. 0-0 c6 11. Qb3 0-0 12. Bg5 h6 13. Bxf6 Nxf6 14. d5 cxd5 15. Nxd5 Nxd5 16. Bxd5 Bc5 17. Nf4 Qf6 18. Rac1 Bd6 19. Nd3 Rb8 20. Nc5 1/2-1/2

[Event "RSA-ch"]
[Site "Cape Town"]
[Date "2024.03.26"]
[Round "2"]
[White "Mnguni, Jacob Dumisani"]
[Black "Mhango, Banele"]
[Result "1/2-1/2"]
[WhiteElo "2134"]
[BlackElo "2193"]
[PlyCount "66"]
[EventDate "2024.03.25"]
[EventType "tourn"]
[EventRounds "11"]
[EventCountry "RSA"]
[SourceTitle "CB14_2024"]
[SourceDate "2024.04.01"]
[SourceVersion "1"]
[SourceVersionDate "2024.04.01"]
[SourceQuality "1"]

1. Nf3 b6 2. g3 Bb7 3. Bg2 Nf6 4. 0-0 e6 5. b3 Be7 6. Bb2 0-0 7. c4 c5 8. Nc3 d6 9. d3 Nbd7 10. e3 a6 11. Qe2 Qc7 12. Rfd1 Rfe8 13. Ne1 Bxg2 14. Nxg2 Qb7 15. f4 d5 16. g4 g6 17. e4 d4 18. Nb1 e5 19. f5 g5 20. Nd2 Kg7 21. Kf2 Rh8 22. h4 h6 23. Rh1 Rag8 24. hxg5 hxg5 25. Kg3 Rxh1 26. Rxh1 Rh8 27. Rxh8 Kxh8 28. Ne1 Kg7 29. Nef3 Nh7 30. Bc1 Qc6 31. Nf1 Qh6 32. Kg2 Bd6 33. Bd2 Ndf6 1/2-1/2

[Event "Sandton SWVG blitz op"]
[Site "Sandton"]
[Date "2019.05.19"]
[Round "9"]
[White "Bhawoodien, Shabier Hussain"]
[Black "Mnguni, Jacob Dumisani"]
[Result "1-0"]
[WhiteElo "2105"]
[BlackElo "2035"]
[PlyCount "79"]
[EventDate "2019.05.19"]
[EventType "swiss (blitz)"]
[EventRounds "10"]
[EventCountry "RSA"]
[SourceTitle "CBM 190 Extra"]
[Source "ChessBase"]
[SourceDate "2019.07.15"]
[SourceVersion "1"]
[SourceVersionDate "2019.07.15"]
[SourceQuality "1"]

1. e4 c5 2. Nc3 Nc6 3. Bc4 e6 4. f4 a6 5. a4 d6 6. Nf3 Nf6 7. d3 Be7 8. 0-0 0-0 9. Bb3 Rb8 10. Qe1 b5 11. axb5 axb5 12. e5 dxe5 13. fxe5 Nd5 14. Qg3 Kh8 15. Ne4 Nd4 16. Nxd4 cxd4 17. Bg5 Bxg5 18. Nxg5 Kg8 19. Rf3 Ne3 20. Qh3 h6 21. Ne4 Bb7 22. Rf4 Bxe4 23. Rxe4 Qg5 24. Rxd4 Qxe5 25. Re4 Qxb2 26. Re1 Nf5 27. Qg4 Qf6 28. Qf4 Rbc8 29. Re5 Rb8 30. h3 Rfd8 31. Rf1 Qg6 32. g4 Nd6 33. h4 b4 34. h5 Qh7 35. Rc5 g6 36. Rc7 gxh5 37. gxh5 Kh8 38. Kh2 Qg7 39. Rg1 Qb2 40. Qxh6# 1-0

[Event "Sandton SWVG blitz op"]
[Site "Sandton"]
[Date "2019.05.19"]
[Round "7"]
[White "Grover, Sahaj"]
[Black "Mnguni, Jacob Dumisani"]
[Result "1-0"]
[WhiteElo "2487"]
[BlackElo "2035"]
[PlyCount "35"]
[EventDate "2019.05.19"]
[EventType "swiss (blitz)"]
[EventRounds "10"]
[EventCountry "RSA"]
[SourceTitle "CBM 190 Extra"]
[Source "ChessBase"]
[SourceDate "2019.07.15"]
[SourceVersion "1"]
[SourceVersionDate "2019.07.15"]
[SourceQuality "1"]

1. e4 c5 2. Nf3 e6 3. d4 cxd4 4. Nxd4 Nf6 5. Nc3 d6 6. g4 h6 7. h3 Nc6 8. Be3 d5 9. Bg2 dxe4 10. Nxc6 Qxd1+ 11. Rxd1 bxc6 12. Nxe4 Nd5 13. Bc5 Rb8 14. b3 Bxc5 15. Nxc5 Rb5 16. Nd3 Nc3 17. Bxc6+ Bd7 18. Bxb5 1-0

[Event "Sandton SWVG blitz op"]
[Site "Sandton"]
[Date "2019.05.19"]
[Round "2"]
[White "Van der Walt, Pierre E"]
[Black "Mnguni, Jacob Dumisani"]
[Result "0-1"]
[WhiteElo "1915"]
[BlackElo "2035"]
[PlyCount "52"]
[EventDate "2019.05.19"]
[EventType "swiss (blitz)"]
[EventRounds "10"]
[EventCountry "RSA"]
[SourceTitle "CBM 190 Extra"]
[Source "ChessBase"]
[SourceDate "2019.07.15"]
[SourceVersion "1"]
[SourceVersionDate "2019.07.15"]
[SourceQuality "1"]

1. e4 c5 2. Nc3 Nc6 3. f4 g6 4. Nf3 Bg7 5. Bb5 Nd4 6. 0-0 a6 7. Bd3 d6 8. Nxd4 cxd4 9. Ne2 Nf6 10. c3 dxc3 11. dxc3 0-0 12. Kh1 b5 13. Be3 Bb7 14. Ng3 Qc7 15. Bd4 e5 16. Be3 exf4 17. Rxf4 Nd7 18. Rf1 Rae8 19. Bd4 Ne5 20. Qc2 Re7 21. Rae1 Rfe8 22. a3 h5 23. h4 d5 24. exd5 Ng4 25. Rxe7 Rxe7 26. Bxg7 Qxg3 0-1

[Event "Sandton SWVG rapid op"]
[Site "Sandton"]
[Date "2019.05.18"]
[Round "2"]
[White "Meiboom, Cornelis"]
[Black "Mnguni, Jacob Dumisani"]
[Result "0-1"]
[WhiteElo "1788"]
[BlackElo "2210"]
[PlyCount "94"]
[EventDate "2019.05.18"]
[EventType "swiss (rapid)"]
[EventRounds "10"]
[EventCountry "RSA"]
[SourceTitle "CBM 190 Extra"]
[Source "ChessBase"]
[SourceDate "2019.07.15"]
[SourceVersion "1"]
[SourceVersionDate "2019.07.15"]
[SourceQuality "1"]

1. e4 c5 2. f4 Nc6 3. Nf3 g6 4. Nc3 Bg7 5. Bb5 Nd4 6. 0-0 a6 7. Bd3 d6 8. Nxd4 cxd4 9. Ne2 Nf6 10. c3 dxc3 11. dxc3 0-0 12. Ng3 b5 13. Qe2 Qc7 14. Kh1 Bg4 15. Qf2 Be6 16. Re1 Rfb8 17. a3 a5 18. Bd2 Nd7 19. Qe2 Bc4 20. Rac1 e6 21. Rc2 d5 22. exd5 exd5 23. Qf3 Nc5 24. Bxc4 dxc4 25. f5 Nd3 26. Rf1 Re8 27. fxg6 hxg6 28. Ne4 Ra6 29. Bg5 f5 30. Nf2 Rd6 31. Re2 Qf7 32. h4 b4 33. axb4 Rxe2 34. Qxe2 axb4 35. Nd1 Qe6 36. Qd2 b3 37. Ne3 Bf6 38. Ra1 Bxg5 39. hxg5 f4 40. Ra8+ Kf7 41. Ra7+ Ke8 42. Ra8+ Kd7 43. Ra7+ Kc8 44. Nf1 Rd7 45. Ra4 Qc6 46. Ra5 Qb6 47. Ra4 Nf2+ 0-1

[Event "Sandton SWVG rapid op"]
[Site "Sandton"]
[Date "2019.05.18"]
[Round "5"]
[White "Mnguni, Jacob Dumisani"]
[Black "Simutowe, Musatwe"]
[Result "1-0"]
[WhiteElo "2210"]
[BlackElo "2117"]
[PlyCount "148"]
[EventDate "2019.05.18"]
[EventType "swiss (rapid)"]
[EventRounds "10"]
[EventCountry "RSA"]
[SourceTitle "CBM 190 Extra"]
[Source "ChessBase"]
[SourceDate "2019.07.15"]
[SourceVersion "1"]
[SourceVersionDate "2019.07.15"]
[SourceQuality "1"]

1. c4 Nf6 2. g3 c6 3. Bg2 d5 4. Qc2 g6 5. Nf3 Bg7 6. 0-0 0-0 7. d3 Nbd7 8. Nc3 dxc4 9. dxc4 Qa5 10. e4 Ng4 11. Bg5 Re8 12. h4 Qb4 13. Nd2 h6 14. a3 Qb6 15. Na4 Qd4 16. Nf3 Qd6 17. Rad1 Qc7 18. Bc1 Ndf6 19. Rfe1 e5 20. c5 Be6 21. b4 Rad8 22. Bb2 Nd7 23. Nd2 b5 24. Nc3 a5 25. Nb3 axb4 26. axb4 Nb8 27. Ra1 Rd7 28. Red1 Red8 29. Bf1 Bf8 30. Rxd7 Rxd7 31. Nd1 Nf6 32. Na5 Rd8 33. Ne3 Ng4 34. Nxg4 Bxg4 35. Qc3 Rd4 36. Qe1 Rd7 37. Be2 Be6 38. Bc3 f6 39. Qc1 Kf7 40. f4 Bg7 41. fxe5 fxe5 42. Qe3 Kg8 43. Rf1 Kh7 44. Bf3 Rd8 45. Rd1 Bf8 46. Rxd8 Qxd8 47. Bxe5 Na6 48. Bc3 Qe8 49. Qd4 Kg8 50. Qh8+ Kf7 51. Nb7 Qd7 52. Qf6+ Ke8 53. Qxg6+ Bf7 54. Nd6+ Bxd6 55. Qxd6 Qxd6 56. cxd6 Kd7 57. e5 c5 58. Bg4+ Be6 59. Bxe6+ Kxe6 60. bxc5 Nxc5 61. Kg2 Nd3 62. Kf3 b4 63. Ke3 Nc5 64. Bxb4 Nd7 65. Bc3 Nb6 66. Kf3 Nd5 67. Bd4 h5 68. g4 Nb4 69. gxh5 Nc6 70. Bc3 Nd8 71. h6 Nf7 72. h7 Nh8 73. d7 Nf7 74. h8Q Kd5 1-0

[Event "Johannesburg Sandton op"]
[Site "Johannesburg"]
[Date "2018.05.20"]
[Round "10"]
[White "Swartz, David Saul"]
[Black "Mnguni, Jacob Dumisani"]
[Result "0-1"]
[WhiteElo "1954"]
[BlackElo "2185"]
[PlyCount "59"]
[EventDate "2018.05.19"]
[EventType "swiss"]
[EventRounds "10"]
[EventCountry "RSA"]
[SourceTitle "CBM 184 Extra"]
[Source "ChessBase"]
[SourceDate "2018.06.28"]
[SourceVersion "1"]
[SourceVersionDate "2018.06.28"]
[SourceQuality "1"]

1. e4 c5 2. Nf3 e6 3. d4 cxd4 4. Nxd4 Nf6 5. Bd3 Nc6 6. Nxc6 bxc6 7. 0-0 d5 8. Bg5 Be7 9. e5 Nd7 10. Bxe7 Qxe7 11. f4 Nc5 12. Be2 Rb8 13. Nd2 0-0 14. Nb3 Ne4 15. Bd3 f5 16. Bxe4 fxe4 17. Rb1 Ba6 18. Rf2 c5 19. f5 Bc4 20. Na5 Bb5 21. Nb3 e3 22. Rf3 d4 23. fxe6 e2 24. Qe1 Rxf3 25. gxf3 Rf8 26. Qg3 Bc6 27. f4 Qxe6 28. Re1 Qd5 29. Rxe2 c4 30. Rg2 0-1

[Event "Johannesburg Sandton op"]
[Site "Johannesburg"]
[Date "2018.05.19"]
[Round "1"]
[White "Mnguni, Jacob Dumisani"]
[Black "Lesole, Pudungwane"]
[Result "0-1"]
[WhiteElo "2185"]
[BlackElo "1893"]
[PlyCount "94"]
[EventDate "2018.05.19"]
[EventType "swiss"]
[EventRounds "10"]
[EventCountry "RSA"]
[SourceTitle "CBM 184 Extra"]
[Source "ChessBase"]
[SourceDate "2018.06.28"]
[SourceVersion "1"]
[SourceVersionDate "2018.06.28"]
[SourceQuality "1"]

1. b3 e5 2. Bb2 d6 3. e3 Nf6 4. d4 exd4 5. exd4 d5 6. Nf3 Be7 7. Be2 0-0 8. 0-0 Bf5 9. Re1 Nbd7 10. Nbd2 Re8 11. Nf1 a5 12. Ng3 Bg6 13. Nh4 a4 14. Nxg6 hxg6 15. Qd3 c6 16. c4 Bb4 17. Bc3 Qa5 18. Bxb4 Qxb4 19. c5 Nf8 20. bxa4 Rxa4 21. Reb1 Qxd4 22. Qxd4 Rxd4 23. Rxb7 Rd2 24. Kf1 Ne6 25. Rb6 Rc2 26. Rxc6 Ra8 27. a4 Ra5 28. Bd3 Rcxc5 29. Rxc5 Nxc5 30. Bb5 Kf8 31. Ne2 Ke7 32. Nd4 Kd6 33. Rc1 Nxa4 34. Ra1 Kc5 35. Nb3+ Kxb5 36. Nxa5 Kxa5 37. Ke2 Kb5 38. Rb1+ Kc6 39. Ra1 Nc5 40. f3 Kd6 41. Ke3 d4+ 42. Ke2 d3+ 43. Kd1 Nd5 44. Ra7 Ke6 45. Kd2 Ke5 46. Rxf7 Kd4 47. Ke1 Ke3 0-1

[Event "RSA Inter Regional-ch"]
[Site "Boksburg"]
[Date "2018.01.10"]
[Round "4.2"]
[White "Mnguni, Jacob Dumisani"]
[Black "Gluckman, Paul"]
[Result "1-0"]
[WhiteElo "2191"]
[BlackElo "1826"]
[PlyCount "55"]
[EventDate "2018.01.09"]
[EventType "team-swiss"]
[EventRounds "7"]
[EventCountry "RSA"]
[SourceTitle "CBM 189 Extra"]
[Source "ChessBase"]
[SourceDate "2019.06.03"]
[SourceVersion "1"]
[SourceVersionDate "2019.06.03"]
[SourceQuality "1"]
[WhiteTeam "Tshwane"]
[BlackTeam "Western Province Stalemates"]
[WhiteTeamCountry "RSA"]
[BlackTeamCountry "RSA"]

1. c4 Nf6 2. g3 g6 3. Bg2 Bg7 4. Nc3 c6 5. e4 e5 6. Nge2 0-0 7. 0-0 d6 8. d3 h6 9. h3 Na6 10. Be3 Nc7 11. f4 Kh7 12. Qd2 Ng8 13. Rf2 f5 14. exf5 Bxf5 15. g4 Be6 16. Raf1 d5 17. fxe5 Rxf2 18. Rxf2 Bxe5 19. d4 Bg7 20. Nf4 Qd7 21. Nxg6 Nf6 22. Ne5 Qe7 23. c5 Bf7 24. Ne2 Ne6 25. Ng3 Rd8 26. Nf5 Qf8 27. Nxg7 Qxg7 28. Bxh6 1-0

[Event "RSA-ch"]
[Site "Cape Town"]
[Date "2017.12.19"]
[Round "11"]
[White "Klaasen, Calvin Jong"]
[Black "Mnguni, Jacob Dumisani"]
[Result "1-0"]
[WhiteElo "2311"]
[BlackElo "2194"]
[PlyCount "65"]
[EventDate "2017.12.09"]
[EventType "tourn"]
[EventRounds "11"]
[EventCountry "RSA"]
[SourceTitle "CBM 182 Extra"]
[Source "ChessBase"]
[SourceDate "2018.02.23"]
[SourceVersion "1"]
[SourceVersionDate "2018.02.23"]
[SourceQuality "1"]

1. e4 c5 2. Nf3 e6 3. d4 cxd4 4. Nxd4 Nf6 5. Nc3 d6 6. Be2 Be7 7. 0-0 0-0 8. f4 Nc6 9. Be3 a6 10. Qe1 Qc7 11. Qg3 Nxd4 12. Bxd4 b5 13. a3 Bb7 14. Kh1 Bc6 15. Rad1 Qb7 16. Bf3 Rac8 17. Rfe1 Rfe8 18. Nd5 Kh8 19. Nxf6 gxf6 20. Qh4 e5 21. Bc3 Rg8 22. Rxd6 Rg6 23. fxe5 Bxd6 24. exd6 Kg7 25. Bh5 Rf8 26. Rf1 Qd7 27. Rxf6 Kg8 28. Bxg6 fxg6 29. Qf4 Rxf6 30. Qxf6 Bxe4 31. Qh8+ Kf7 32. Qg7+ Ke6 33. Qf6+ 1-0

[Event "RSA-ch"]
[Site "Cape Town"]
[Date "2017.12.14"]
[Round "6"]
[White "Van den Heever, Donovan"]
[Black "Mnguni, Jacob Dumisani"]
[Result "1/2-1/2"]
[WhiteElo "2260"]
[BlackElo "2194"]
[PlyCount "37"]
[EventDate "2017.12.09"]
[EventType "tourn"]
[EventRounds "11"]
[EventCountry "RSA"]
[SourceTitle "CBM 182 Extra"]
[Source "ChessBase"]
[SourceDate "2018.02.23"]
[SourceVersion "1"]
[SourceVersionDate "2018.02.23"]
[SourceQuality "1"]

1. e4 c5 2. Nf3 d6 3. Bb5+ Bd7 4. Bxd7+ Qxd7 5. 0-0 Nf6 6. d4 cxd4 7. Qxd4 Nc6 8. Qd3 g6 9. c4 Bg7 10. h3 0-0 11. Nc3 Rac8 12. Be3 Nb4 13. Qe2 Qe6 14. a3 Na6 15. Nd2 Nc5 16. Bd4 Bh6 17. Be3 Bg7 18. Bd4 Bh6 19. Be3 1/2-1/2

[Event "RSA-ch"]
[Site "Cape Town"]
[Date "2017.12.10"]
[Round "2"]
[White "Kobese, Watu"]
[Black "Mnguni, Jacob Dumisani"]
[Result "1-0"]
[WhiteElo "2345"]
[BlackElo "2194"]
[PlyCount "47"]
[EventDate "2017.12.09"]
[EventType "tourn"]
[EventRounds "11"]
[EventCountry "RSA"]
[SourceTitle "CBM 182 Extra"]
[Source "ChessBase"]
[SourceDate "2018.02.23"]
[SourceVersion "1"]
[SourceVersionDate "2018.02.23"]
[SourceQuality "1"]

1. e4 c5 2. Nf3 e6 3. d4 cxd4 4. Nxd4 Nf6 5. Nc3 d6 6. Bc4 Be7 7. Bb3 Na6 8. f4 0-0 9. Qf3 Nc5 10. Be3 a5 11. a4 e5 12. Nf5 Bxf5 13. exf5 e4 14. Qe2 Nxb3 15. cxb3 Qd7 16. g4 Rfc8 17. Rd1 Qc6 18. Rd4 Bf8 19. 0-0 Re8 20. Rfd1 h5 21. h3 hxg4 22. hxg4 Rad8 23. Kg2 g6 24. g5 1-0

[Event "Africa KCF Inv tt"]
[Site "Brakpan"]
[Date "2017.10.08"]
[Round "7.2"]
[White "Mnguni, Jacob Dumisani"]
[Black "Simulundu, Judah"]
[Result "1/2-1/2"]
[WhiteElo "2165"]
[BlackElo "2159"]
[PlyCount "122"]
[EventDate "2017.10.05"]
[EventType "team-tourn"]
[EventRounds "7"]
[EventCountry "RSA"]
[SourceTitle "CBM 181 Extra"]
[Source "ChessBase"]
[SourceDate "2017.12.12"]
[SourceVersion "1"]
[SourceVersionDate "2017.12.12"]
[SourceQuality "1"]
[WhiteTeam "ChessExcellence II"]
[BlackTeam "RSA Inv"]
[WhiteTeamCountry "RSA"]
[BlackTeamCountry "RSA"]

1. c4 e5 2. g3 Nc6 3. Bg2 g6 4. Nc3 Bg7 5. d3 d6 6. Rb1 a5 7. a3 Nge7 8. e3 0-0 9. Nge2 Be6 10. Nd5 f5 11. 0-0 g5 12. f4 h6 13. b4 axb4 14. axb4 exf4 15. exf4 g4 16. Bb2 Bf7 17. Bxg7 Kxg7 18. Qe1 Nxd5 19. cxd5 Ne7 20. Nd4 Kg6 21. Ne6 Bxe6 22. Qxe6+ Rf6 23. Qe3 Nc8 24. Rfe1 Nb6 25. Re2 Qd7 26. Rbe1 Qb5 27. Qd4 Nd7 28. Re7 Ra4 29. Rb1 Rf7 30. Rxf7 Kxf7 31. Qe3 Nf8 32. Re1 Qd7 33. h3 h5 34. hxg4 hxg4 35. Qd4 Qb5 36. Qh8 Qxb4 37. Qh5+ Kg8 38. Qg5+ Kh8 39. Qh6+ Kg8 40. Re8 Qd4+ 41. Kh2 Qg7 42. Qxg7+ Kxg7 43. Re7+ Kf6 44. Rxc7 Rb4 45. Kg1 Rb2 46. Bf1 b5 47. d4 b4 48. Rb7 Rb3 49. Kf2 Rf3+ 50. Kg2 Rb3 51. Bb5 Re3 52. Ba4 Kg6 53. Rb6 Nh7 54. Rxd6+ Nf6 55. Rb6 Rd3 56. Rxb4 Nxd5 57. Be8+ Kf6 58. Ra4 Rf3 59. Ra6+ Ke7 60. Bc6 Ne3+ 61. Kh2 Rf1 1/2-1/2

[Event "Africa KCF Inv tt"]
[Site "Brakpan"]
[Date "2017.10.06"]
[Round "3.2"]
[White "Mnguni, Jacob Dumisani"]
[Black "Mthunzi, Brighton"]
[Result "1-0"]
[WhiteElo "2165"]
[BlackElo "2075"]
[PlyCount "55"]
[EventDate "2017.10.05"]
[EventType "team-tourn"]
[EventRounds "7"]
[EventCountry "RSA"]
[SourceTitle "CBM 181 Extra"]
[Source "ChessBase"]
[SourceDate "2017.12.12"]
[SourceVersion "1"]
[SourceVersionDate "2017.12.12"]
[SourceQuality "1"]
[WhiteTeam "ChessExcellence II"]
[BlackTeam "RSA Inv II"]
[WhiteTeamCountry "RSA"]
[BlackTeamCountry "RSA"]

1. d4 Nf6 2. c4 e6 3. Nf3 b6 4. g3 Bb7 5. Bg2 Be7 6. 0-0 0-0 7. b3 d5 8. cxd5 Nxd5 9. Bb2 Nd7 10. Nbd2 N5f6 11. Rc1 Rc8 12. a3 c5 13. dxc5 Nxc5 14. b4 Ncd7 15. Nd4 Rxc1 16. Qxc1 Bxg2 17. Kxg2 Qa8+ 18. Qc6 a5 19. Qxa8 Rxa8 20. Nc6 Bf8 21. b5 Bc5 22. Rd1 Kf8 23. Nc4 Ke8 24. f3 g6 25. e4 Ng8 26. Bd4 Ne7 27. Bxc5 bxc5 28. Rxd7 1-0

[Event "Africa KCF Inv tt"]
[Site "Brakpan"]
[Date "2017.10.05"]
[Round "1.2"]
[White "Jurgensen, Graham"]
[Black "Mnguni, Jacob Dumisani"]
[Result "0-1"]
[WhiteElo "2009"]
[BlackElo "2165"]
[PlyCount "41"]
[EventDate "2017.10.05"]
[EventType "team-tourn"]
[EventRounds "7"]
[EventCountry "RSA"]
[SourceTitle "CBM 181 Extra"]
[Source "ChessBase"]
[SourceDate "2017.12.12"]
[SourceVersion "1"]
[SourceVersionDate "2017.12.12"]
[SourceQuality "1"]
[WhiteTeam "SA Veterans"]
[BlackTeam "ChessExcellence II"]
[WhiteTeamCountry "RSA"]
[BlackTeamCountry "RSA"]

1. e4 c5 2. Nf3 e6 3. Nc3 a6 4. a4 Qc7 5. d4 cxd4 6. Nxd4 Bb4 7. Qf3 Nf6 8. Bg5 Bxc3+ 9. bxc3 Nxe4 10. Bd2 d5 11. Bd3 Nxd2 12. Kxd2 0-0 13. Rae1 Nc6 14. Re3 e5 15. Nxc6 bxc6 16. Qg3 f6 17. Rhe1 Qa5 18. Qh4 e4 19. Rg3 Ra7 20. Be2 Qxa4 21. Bh5 0-1

[Event "South African op"]
[Site "Durban"]
[Date "2017.07.20"]
[Round "9"]
[White "Bhawoodien, Mohamed Ozayr"]
[Black "Mnguni, Jacob Dumisani"]
[Result "1/2-1/2"]
[WhiteElo "2103"]
[BlackElo "2147"]
[PlyCount "35"]
[EventDate "2017.07.14"]
[EventType "swiss"]
[EventRounds "11"]
[EventCountry "RSA"]
[SourceTitle "CBM 179 Extra"]
[Source "ChessBase"]
[SourceDate "2017.08.23"]
[SourceVersion "1"]
[SourceVersionDate "2017.08.23"]
[SourceQuality "1"]

1. d4 d5 2. c4 c6 3. Nf3 Nf6 4. e3 Bf5 5. cxd5 cxd5 6. Qb3 Qb6 7. Qxb6 axb6 8. Nc3 Nc6 9. Bb5 Bd7 10. Bd2 Ra5 11. 0-0 e6 12. a3 Be7 13. Bd3 Ra8 14. b4 0-0 15. Rfc1 Rfd8 16. h3 Be8 17. Be1 Rdc8 18. Kf1 1/2-1/2

[Event "South African op"]
[Site "Durban"]
[Date "2017.07.17"]
[Round "6"]
[White "Mnguni, Jacob Dumisani"]
[Black "Solomons, Deon"]
[Result "1-0"]
[WhiteElo "2147"]
[BlackElo "2120"]
[PlyCount "57"]
[EventDate "2017.07.14"]
[EventType "swiss"]
[EventRounds "11"]
[EventCountry "RSA"]
[SourceTitle "CBM 179 Extra"]
[Source "ChessBase"]
[SourceDate "2017.08.23"]
[SourceVersion "1"]
[SourceVersionDate "2017.08.23"]
[SourceQuality "1"]

1. c4 Nf6 2. Nf3 d6 3. g3 g6 4. Bg2 Bg7 5. 0-0 0-0 6. d4 Nbd7 7. b3 c5 8. Bb2 Rb8 9. Nc3 a6 10. dxc5 dxc5 11. Qd3 Qa5 12. h3 Re8 13. Qc2 h6 14. e4 e5 15. Nd5 Nxd5 16. cxd5 b5 17. a4 Qb6 18. axb5 axb5 19. Ra2 Bb7 20. h4 Qd6 21. Bh3 Nb6 22. Ba3 b4 23. Bb2 f5 24. Nd2 Kh8 25. f3 f4 26. gxf4 Qf6 27. fxe5 Qxh4 28. Bg2 Rxe5 29. Qxc5 1-0

[Event "Johannesburg PSS Capablanca-A"]
[Site "Johannesburg"]
[Date "2017.04.29"]
[Round "6"]
[White "Manan, Yoboue Hermann"]
[Black "Mnguni, Jacob Dumisani"]
[Result "0-1"]
[WhiteElo "2072"]
[BlackElo "2166"]
[PlyCount "58"]
[EventDate "2017.04.26"]
[EventType "tourn"]
[EventRounds "9"]
[EventCountry "RSA"]
[SourceTitle "CBM 178 Extra"]
[Source "ChessBase"]
[SourceDate "2017.06.22"]
[SourceVersion "1"]
[SourceVersionDate "2017.06.22"]
[SourceQuality "1"]

1. e4 c5 2. Nf3 e6 3. d4 cxd4 4. Nxd4 Nf6 5. Bd3 Nc6 6. Nxc6 bxc6 7. 0-0 d5 8. Nc3 Be7 9. Qf3 0-0 10. Bf4 Nd7 11. Qh3 e5 12. Bc1 d4 13. Nd1 Nc5 14. Qh5 Nxd3 15. cxd3 Ba6 16. Qe2 Bb5 17. f4 f6 18. Rf3 exf4 19. Bxf4 c5 20. b3 a5 21. a4 Bd7 22. Rg3 Qb6 23. Rb1 Bxa4 24. Qg4 Rf7 25. Bh6 Bf8 26. Qf5 Bxb3 27. e5 fxe5 28. Qh3 Qe6 29. Rg4 Qf6 0-1

[Event "Johannesburg PSS Capablanca-A"]
[Site "Johannesburg"]
[Date "2017.04.29"]
[Round "5"]
[White "Mnguni, Jacob Dumisani"]
[Black "Van Zyl Rudd, Jack"]
[Result "1/2-1/2"]
[WhiteElo "2166"]
[BlackElo "2075"]
[PlyCount "37"]
[EventDate "2017.04.26"]
[EventType "tourn"]
[EventRounds "9"]
[EventCountry "RSA"]
[SourceTitle "CBM 178 Extra"]
[Source "ChessBase"]
[SourceDate "2017.06.22"]
[SourceVersion "1"]
[SourceVersionDate "2017.06.22"]
[SourceQuality "1"]

1. c4 c6 2. Nf3 d5 3. b3 Nf6 4. Bb2 Nbd7 5. g3 g6 6. Bg2 Bg7 7. 0-0 0-0 8. d4 b6 9. Nc3 Bb7 10. cxd5 cxd5 11. Rc1 Rc8 12. Bh3 Rb8 13. Nb5 a6 14. Na7 Qe8 15. Ba3 Ne4 16. Nc6 Bxc6 17. Rxc6 Ndc5 18. Rc7 Nc3 19. Qc2 1/2-1/2

[Event "Durban Ethekwini op"]
[Site "Durban"]
[Date "2017.03.20"]
[Round "6"]
[White "Qobo, Lulama T"]
[Black "Mnguni, Jacob Dumisani"]
[Result "1/2-1/2"]
[WhiteElo "1879"]
[BlackElo "2132"]
[PlyCount "120"]
[EventDate "2017.03.18"]
[EventType "swiss"]
[EventRounds "7"]
[EventCountry "RSA"]
[SourceTitle "CBM 177 Extra"]
[Source "ChessBase"]
[SourceDate "2017.04.27"]
[SourceVersion "1"]
[SourceVersionDate "2017.04.27"]
[SourceQuality "1"]

1. d4 d5 2. c4 c6 3. Nc3 Nf6 4. Nf3 e6 5. Qd3 a6 6. e4 dxc4 7. Qxc4 b5 8. Qb3 Nbd7 9. Be2 c5 10. d5 c4 11. Qc2 Nc5 12. dxe6 Bxe6 13. 0-0 Be7 14. Be3 0-0 15. Nd4 Rc8 16. Rad1 Qc7 17. f4 b4 18. Nxe6 fxe6 19. e5 bxc3 20. exf6 Bxf6 21. bxc3 Nb7 22. Bd4 Nd6 23. Qa4 Nb5 24. Bxf6 Rxf6 25. Rf3 Qc6 26. Qa5 Rf5 27. Rd8+ Kf7 28. Rxc8 Qxc8 29. Qb6 Qc5+ 30. Qxc5 Rxc5 31. Re3 Kf6 32. g4 g5 33. fxg5+ Rxg5 34. a4 Nd6 35. Kf2 Rg8 36. Rh3 Rg7 37. Ke3 e5 38. Rh6+ Ke7 39. h3 Kd7 40. Bf3 e4 41. Be2 Re7 42. Kd4 e3 43. Kd5 Ne4 44. Kxc4 a5 45. Ra6 Kc8 46. Kb3 Nc5+ 47. Kc2 Nxa6 48. Bxa6+ Kc7 49. Be2 Kc6 50. Kd1 Kd5 51. Bd3 h6 52. h4 Re5 53. Ke2 Kd6 54. Kf3 Ke6 55. Ke2 Kf6 56. Kf3 Kg7 57. Ke2 Kf6 58. Kf3 Re8 59. Bb5 Re7 60. Bd3 Kg7 1/2-1/2

[Event "Durban Ethekwini op"]
[Site "Durban"]
[Date "2017.03.19"]
[Round "3"]
[White "Mnguni, Jacob Dumisani"]
[Black "Mthunzi, Brighton"]
[Result "1/2-1/2"]
[WhiteElo "2132"]
[BlackElo "2090"]
[PlyCount "74"]
[EventDate "2017.03.18"]
[EventType "swiss"]
[EventRounds "7"]
[EventCountry "RSA"]
[SourceTitle "CBM 177 Extra"]
[Source "ChessBase"]
[SourceDate "2017.04.27"]
[SourceVersion "1"]
[SourceVersionDate "2017.04.27"]
[SourceQuality "1"]

1. c4 e5 2. g3 Nc6 3. Bg2 g6 4. Nc3 Bg7 5. d3 Nge7 6. e3 d6 7. a3 0-0 8. Nge2 Be6 9. Nd5 Rb8 10. 0-0 Qd7 11. Nec3 Nd8 12. Qa4 Nxd5 13. Qxd7 Bxd7 14. cxd5 f5 15. Bd2 c5 16. Rab1 Nf7 17. Rfc1 b5 18. b3 Rb6 19. Rc2 Rc8 20. Rbc1 Ra6 21. Nb1 Re8 22. b4 Bf8 23. f3 e4 24. fxe4 Ne5 25. d4 Nd3 26. e5 Nxc1 27. Bxc1 cxb4 28. e6 Bc8 29. axb4 Bb7 30. Ba3 Rc8 31. Re2 Ra4 32. Kf2 a5 33. Rb2 Rc1 34. bxa5 Rxb1 35. Rxb1 Rxa3 36. Rxb5 Ra2+ 37. Kg1 Ra1+ 1/2-1/2